Migración ocupacional agrícola-no agrícola en Chile: período 1960-1979
Wedi'i Gadw mewn:
| Prif Awdur: | |
|---|---|
| Awdur Corfforaethol: | |
| Fformat: | Llyfr |
| Iaith: | Sbaeneg |
| Cyhoeddwyd: |
Santiago
Universidad Católica de Chile
1982
|
| Cyfres: | Documento de Trabajo, 82
|
| Pynciau: | |
| Tagiau: |
Ychwanegu Tag
Dim Tagiau, Byddwch y cyntaf i dagio'r cofnod hwn!
|
MARC
| LEADER | 00000nam a2200000 a 4500 | ||
|---|---|---|---|
| 001 | UCR7638 | ||
| 003 | CL-VaPUC | ||
| 008 | 980519e19820700CL |||||||||||||||||spa|d | ||
| 082 | 0 | 4 | |a 331.127 |b COE |2 21 |
| 100 | 0 | |a Coeymans, Juan Eduardo |e author |9 408974 | |
| 110 | 2 | |a Instituto de Economía, Pontificia Universidad Católica de Chile |e author |9 408975 | |
| 245 | 1 | 0 | |a Migración ocupacional agrícola-no agrícola en Chile: período 1960-1979 |
| 300 | |a 54 p | ||
| 942 | |c BK | ||
| 945 | |d 19980519 00:00:00 |a crobeson | ||
| 260 | |a Santiago |b Universidad Católica de Chile |c 1982 | ||
| 650 | 7 | |a ECONOMIA DEL TRABAJO |2 CL-VaPUC |9 320317 | |
| 650 | 7 | |a MIGRACION LABORAL |2 CL-VaPUC |9 345095 | |
| 650 | 7 | |a MOVILIDAD DE LA MANO DE OBRA |2 CL-VaPUC |9 408976 | |
| 650 | 0 | |a Trabajadores |9 260887 | |
| 650 | 7 | |a TRABAJADORES AGRICOLAS |2 CL-VaPUC |9 315709 | |
| 583 | |a last modification |c 19980519 00:00:00 |k Rodrigo Vera | ||
| 490 | 0 | |a Documento de Trabajo, 82 | |
| 999 | |c 269229 |d 269227 | ||
| 952 | |0 0 |1 0 |4 0 |6 331_127000000000000_COE_1982 |7 0 |8 A |9 302920 |a BIBENE |b BIBENE |d 2019-11-20 |i 1993003 |o 331.127 COE 1982 |p 1993003 |r 2025-01-15 |w 2019-11-20 |y BK |k ICO | ||